PFI (Record no. 76751)

MARC details
000 -LEADER
fixed length control field 00971cab a2200181 4500
001 - CONTROL NUMBER
control field ##L133027
008 - FIXED-LENGTH DATA ELEMENTS--GENERAL INFORMATION
fixed length control field 060404n2006 000 0 eng u
035 ## - SYSTEM CONTROL NUMBER
System control number (Sirsi) u133027
041 0# - LANGUAGE CODE
Language code of text/sound track or separate title eng
100 1# - MAIN ENTRY--PERSONAL NAME
Personal name Leftly, Mark
245 00 - TITLE STATEMENT
Title PFI
Remainder of title how the changes affect you
260 ## - PUBLICATION, DISTRIBUTION, ETC.
Date of publication, distribution, etc. 2006
490 #0 - SERIES STATEMENT
Series statement Building
Volume/sequential designation 271(8424) 31 March 2006, 24-27(4)
520 ## - SUMMARY, ETC.
Summary, etc. Examines the principal changes to the PFI outlined in a document which accompanied the Budget statement, and considers the advantages and challenges which they pose. Looks at user satisfaction, the lack of project management skills in the public sector, shortening of contract length, the establishment of a project delivery organisation, the design process, debt funding competitions, the establishment of an operational taskforce, and the strengthening of the value for money test to deal with soft services, ie catering and cleaning.
590 ## - LOCAL NOTE (RLIN)
Local note IKA110406
690 ## - LOCAL SUBJECT ADDED ENTRY--TOPICAL TERM (OCLC, RLIN)
Topical term or geographic name as entry element Procurement
9 (RLIN) 6260
942 ## - ADDED ENTRY ELEMENTS (KOHA)
Suppress in OPAC 0
Holdings
Withdrawn status Lost status Source of classification or shelving scheme Damaged status Not for loan Home library Current library Shelving location Date acquired Total Checkouts Full call number Barcode Date last seen Copy number Price effective from Koha item type
    Dewey Decimal Classification     London London Journal article 04/04/2006   L133027 133027-1001 06/08/2019 1 06/08/2019 Journal article